000 00950cam a22002893a 4500
001 16472
003 PGUSA
005 20140828083342.0
008 050808s2005||||xxu|||||s|||||000 1 eng d
040 _aPGUSA
_beng
042 _adc
050 4 _aPZ
100 1 _aEllis, Edward Sylvester,
_d1840-1916
245 1 0 _aThrough Forest and Fire :
_bWild-Woods Series No. 1
_h[electronic resource] /
_cEdward Sylvester Ellis
260 _bProject Gutenberg,
_c2005
506 _aPublic domain in the USA.
516 _aElectronic text
653 _aConduct of life -- Juvenile fiction
653 _aBrothers and sisters -- Juvenile fiction
653 _aChristian life -- Juvenile fiction
653 _aChildren and death -- Juvenile fiction
653 _aCountry life -- Juvenile fiction
653 _aForest fires -- Juvenile fiction
830 0 _aProject Gutenberg
_v16472
856 4 0 _uhttp://www.gutenberg.org/ebooks/16472
942 _cEB
999 _c245727
_d245727